IFM Opac

Chartac taxation guide (Record no. 18029)

MARC details
000 -LEADER
fixed length control field 00386nam a22001457a 4500
020 ## - INTERNATIONAL STANDARD BOOK NUMBER
International Standard Book Number 0852911858
082 ## - DEWEY DECIMAL CLASSIFICATION NUMBER
Classification number 336.291
100 ## - MAIN ENTRY--PERSONAL NAME
Personal name Kelley peter
245 ## - TITLE STATEMENT
Title Chartac taxation guide
260 ## - PUBLICATION, DISTRIBUTION, ETC.
Place of publication, distribution, etc. London
Name of publisher, distributor, etc. thei institute of charactered accountants in england and wales
Date of publication, distribution, etc. 1977
300 ## - PHYSICAL DESCRIPTION
Extent 102p
Other physical details 21cm
500 ## - GENERAL NOTE
General note index
650 ## - SUBJECT ADDED ENTRY--TOPICAL TERM
Topical term or geographic name entry element interest on unpaid or overpaid tax
942 ## - ADDED ENTRY ELEMENTS (KOHA)
Koha item type Books
Holdings
Withdrawn status Lost status Source of classification or shelving scheme Damaged status Not for loan Collection code Home library Current library Shelving location Date acquired Full call number Barcode Date last seen Price effective from Koha item type
    Dewey Decimal Classification     Non-fiction IFM Main Campus Library IFM Main Campus Library   08/10/2017 336.291 0000005612 08/10/2017 02/19/2022 Books